| 000 | 02254cam a22003011i 4500 | ||
|---|---|---|---|
| 003 | SA-RiAUC | ||
| 005 | 20250611094117.0 | ||
| 008 | 250605s2002 su g f000 0 ara c | ||
| 020 | _a9960827232 | ||
| 040 |
_aSD-OmOIU _bara _cSA-RiAUC. _erda |
||
| 082 | 0 | 4 |
_a252.23 _qSA-RiAUC |
| 090 |
_a252.23 _b ح ج ي |
||
| 100 | 1 |
_aالحجيلان، عبد العزيز بن محمد بن عبد الله _eمؤلف. |
|
| 245 | 1 | 0 |
_aخطبة الجمعة وأحكامها الفقهية / _cعبد العزيز بن محمد بن عبد الله الحجيلان. |
| 264 | 1 |
_aالرياض : _bمركز البحوث والدراسات الإسلامية، _c2002 |
|
| 300 |
_a420 صفحة ؛ _c24 سم. |
||
| 336 |
_aنص _btxt _2rdacontent _3كتاب |
||
| 337 |
_aبدون وسيط _bn _2rdamedia |
||
| 338 |
_aمجلد _bnc _2rdacarrier |
||
| 490 | 0 |
_aسلسلة علمية دورية محكمة ؛ _v5 |
|
| 650 | 7 |
_aخطبة الجمعة _2aucsh |
|
| 650 | 7 |
_aصلاة الجمعة (فقه إسلامي) _2aucsh |
|
| 653 | _aالديانات | ||
| 856 |
_uhttp://saaid.net/book/open.php?cat=87&book=3194 _yExternal Link _2 نرجو الانتباه لإمكانية وجود اختلاف في الطبعة أو الناشر بين البيانات على البوابة وما ستجده على الكتاب نظرا لمحدودية المعلومات المتاحة على الموقع الناشر للمادة. _3Please note that there may be a difference in the edition or publisher between the data on the portal and the book due to the limited information available on the publisher website for the material. |
||
| 856 |
_uhttp://www.saaid.net/book/9/2126.zip _yDigital Copy _2 نرجو الانتباه لإمكانية وجود اختلاف في الطبعة أو الناشر بين البيانات على البوابة وما ستجده على الكتاب نظرا لمحدودية المعلومات المتاحة على الموقع الناشر للمادة. _3Please note that there may be a difference in the edition or publisher between the data on the portal and the book due to the limited information available on the publisher website for the material. |
||
| 942 |
_2ddc _cBOOK _n0 |
||
| 949 |
_aSA-JeALM _d250605 _umohamedma123 _n1 |
||
| 999 |
_c8836 _d8836 |
||